000 00338nam a22001217a 4500
008 160428b xxu||||| |||| 00| 0 eng d
020 _a9780201129236
020 _a020112423
041 _aeng
080 _a618.2
245 _aNursing care of children and families:
_cSandra A. Mott; Susan Rowen James; Arlene M. Sperhac;
942 _2udc
_cBK
999 _c1662
_d1662